000 00943nas a2200313 4500
001 BR0504574
003 BR-BrBNA
005 20231205105626.0
007 ta
008 230509b bl.|||p| |||| 00| 00por d
040 _aBR-BrBNA
_bpor
_cBiblioteca Nacional de Agricultura
041 _a(Pt)
072 _aE21; T10
100 1 _aLopes, E. da S.
100 1 _aZanlorenzi, E.
100 1 _aCouto, L.C.
100 1 _aMinetti, L.J.
245 1 _aAnálise do ambiente de trabalho em indústrias de processamento de madeira na região Centro-Sul do Estado do Paraná
650 _aINDÚSTRIA AGRÍCOLA
650 _aMADEIRA
650 _aERGONOMIA
650 _aPREVENÇÃO DE ACIDENTE
650 _aRUÍDO
650 _aILUMINAÇÃO
650 _aPARANÁ
773 0 _tScientia Forestalis (Brazil)
_xISSN 1413-9324
_g(Dec 2004), v. 66 p. 183-190
_wBR0504574
909 _a202311
_bLúcia
_c55
_dLúcia Elande
942 _2AGRIS
_n0
_cANA
999 _c183840
_d183840